000 00437nam a2200145Ia 4500
003 GCL
008 140319s9999 xx 000 0 ara d
040 _aGCL /
_cGCL
082 0 4 _a371.3
_bا ت
100 1 _aاحمد حسين اللقانى
245 1 0 _aتدريس المواد الاجتماعية /
_cاحمد حسين اللقانى
260 _a[S.N] :
_bعالم الكتب الحديث ،
_c1990
300 _a249 ص
490 _a
999 _c53208
_d53208